5HLuxD.jpg

KING HENRY VIII SENIOR AND PRIMARY SCHOOL LIBRARY OPAC

The battle of the Labyrinth / (Record no. 574)

000 -LEADER
fixed length control field 01995cam a2200481 a 4500
001 - CONTROL NUMBER
control field 15100512
003 - CONTROL NUMBER IDENTIFIER
control field OSt
005 - DATE AND TIME OF LATEST TRANSACTION
control field 20190828152128.0
008 - FIXED-LENGTH DATA ELEMENTS--GENERAL INFORMATION
fixed length control field 071203s2008 nyu c 000 1 eng
010 ## - LIBRARY OF CONGRESS CONTROL NUMBER
LC control number 2007042957
020 ## - INTERNATIONAL STANDARD BOOK NUMBER
International Standard Book Number 9781484789766
020 ## - INTERNATIONAL STANDARD BOOK NUMBER
International Standard Book Number 9781484756881
Qualifying information Box set
035 ## - SYSTEM CONTROL NUMBER
System control number (OCoLC)ocn180753884
035 ## - SYSTEM CONTROL NUMBER
System control number (OCoLC)180753884
040 ## - CATALOGING SOURCE
Original cataloging agency DLC
Transcribing agency DLC
Modifying agency IG#
-- BTCTA
-- BAKER
-- BIB
-- UPZ
-- YDXCP
-- WIQ
-- EHH
-- B2A
-- DLC
042 ## - AUTHENTICATION CODE
Authentication code lcac
-- lcac
082 00 - DEWEY DECIMAL CLASSIFICATION NUMBER
Classification number FIC RIO
Edition number 22
100 1# - MAIN ENTRY--PERSONAL NAME
Personal name Riordan, Rick.
Relator term author
245 14 - TITLE STATEMENT
Title The battle of the Labyrinth /
Statement of responsibility, etc. Rick Riordan.
250 ## - EDITION STATEMENT
Edition statement 1st ed.
260 ## - PUBLICATION, DISTRIBUTION, ETC.
Place of publication, distribution, etc. New York :
Name of publisher, distributor, etc. Hyperion Books for Children,
Date of publication, distribution, etc. c2008.
300 ## - PHYSICAL DESCRIPTION
Extent 361 p. ;
Dimensions 22 cm.
490 1# - SERIES STATEMENT
Series statement Percy Jackson and the Olympians ;
Volume/sequential designation bk. 4
520 ## - SUMMARY, ETC.
Summary, etc. When demonic cheerleaders invade his high school, Percy Jackson hurries to Camp Half Blood, from whence he and his demigod friends set out on a quest through the Labyrinth, while the war between the Olympians and the evil Titan lord Kronos draws near.
600 10 - SUBJECT ADDED ENTRY--PERSONAL NAME
Personal name Jackson, Percy
Titles and other words associated with a name (Fictitious character)
Form subdivision Juvenile fiction.
650 #0 - SUBJECT ADDED ENTRY--TOPICAL TERM
Topical term or geographic name entry element Mythology, Greek
Form subdivision Juvenile fiction.
650 #0 - SUBJECT ADDED ENTRY--TOPICAL TERM
Topical term or geographic name entry element Labyrinths
Form subdivision Juvenile fiction.
650 #0 - SUBJECT ADDED ENTRY--TOPICAL TERM
Topical term or geographic name entry element Camps
Form subdivision Juvenile fiction.
650 #0 - SUBJECT ADDED ENTRY--TOPICAL TERM
Topical term or geographic name entry element Monsters
Form subdivision Juvenile fiction.
650 #0 - SUBJECT ADDED ENTRY--TOPICAL TERM
Topical term or geographic name entry element Animals, Mythical
Form subdivision Juvenile fiction.
650 #0 - SUBJECT ADDED ENTRY--TOPICAL TERM
Topical term or geographic name entry element Titans (Mythology)
Form subdivision Juvenile fiction.
650 #1 - SUBJECT ADDED ENTRY--TOPICAL TERM
Topical term or geographic name entry element Mythology, Greek
Form subdivision Fiction.
650 #1 - SUBJECT ADDED ENTRY--TOPICAL TERM
Topical term or geographic name entry element Labyrinths
Form subdivision Fiction.
650 #1 - SUBJECT ADDED ENTRY--TOPICAL TERM
Topical term or geographic name entry element Camps
Form subdivision Fiction.
650 #1 - SUBJECT ADDED ENTRY--TOPICAL TERM
Topical term or geographic name entry element Monsters
Form subdivision Fiction.
650 #1 - SUBJECT ADDED ENTRY--TOPICAL TERM
Topical term or geographic name entry element Animals, Mythical
Form subdivision Fiction.
650 #1 - SUBJECT ADDED ENTRY--TOPICAL TERM
Topical term or geographic name entry element Titans (Mythology)
Form subdivision Fiction.
800 1# - SERIES ADDED ENTRY--PERSONAL NAME
Personal name Riordan, Rick.
Title of a work Percy Jackson & the Olympians ;
Volume/sequential designation bk. 4.
856 41 - ELECTRONIC LOCATION AND ACCESS
Materials specified Table of contents only
Uniform Resource Identifier <a href="http://www.loc.gov/catdir/toc/ecip083/2007042957.html">http://www.loc.gov/catdir/toc/ecip083/2007042957.html</a>
906 ## - LOCAL DATA ELEMENT F, LDF (RLIN)
a 7
b cbc
c orignew
d 1
e ecip
f 20
g y-gencatlg
942 ## - ADDED ENTRY ELEMENTS (KOHA)
Source of classification or shelving scheme
Koha item type Books - Fiction
Holdings
Withdrawn status Lost status Source of classification or shelving scheme Damaged status Not for loan Collection code Permanent Location Current Location Shelving location Date acquired Total Checkouts Full call number Barcode Date last seen Date last checked out Price effective from Koha item type
          Fiction KH8 Senior School Library KH8 Senior School Library Fiction 2019-08-28 5 FIC RIO 3KHSL000101284 2024-07-22 2023-08-30 2019-08-28 Books - Fiction

Powered By KH8 IT Dept